Markets (Record no. 83018)
[ view plain ]
| 000 -LEADER | |
|---|---|
| fixed length control field | 01258cab a22002295a 4500 |
| 001 - CONTROL NUMBER | |
| control field | L152599 |
| 008 - FIXED-LENGTH DATA ELEMENTS--GENERAL INFORMATION | |
| fixed length control field | 110331e20110218xxk 000 0 eng d |
| 035 ## - SYSTEM CONTROL NUMBER | |
| System control number | (Sirsi) u152599 |
| 041 0# - LANGUAGE CODE | |
| Language code of text/sound track or separate title | eng |
| 100 1# - MAIN ENTRY--PERSONAL NAME | |
| Personal name | Eade, Christine |
| 245 00 - TITLE STATEMENT | |
| Title | Markets |
| Remainder of title | Bristol, Bath and Swindon |
| 260 ## - PUBLICATION, DISTRIBUTION, ETC. | |
| Date of publication, distribution, etc. | 2011 |
| 490 #0 - SERIES STATEMENT | |
| Series statement | Property Week |
| Volume/sequential designation | 77(7) 18 February 2011, 41-56(4) |
| 520 ## - SUMMARY, ETC. | |
| Summary, etc. | Law firm CMS Cameron McKenna has taken a 15-year lease in Crest Nicholson's Harbourside scheme - Bristol's biggest prelet in three years confirming Bristol prime office rents are still at £27.50/sq ft a figure first achieved in the 2007 boom. Bristol Office Agents Society stated that Bristol city centre office take-up in 2010 was 40% up on 2009. Bath Rugby plans a £50m revamp and expansion of its city ground. B & Q will take possession of its 796 649 sq ft distribution centre at G Park Swindon two months early. Bristol City Council has identified only 12.25 acres of local land suitable for industrial development. |
| 590 ## - LOCAL NOTE (RLIN) | |
| Local note | KA |
| 651 #4 - SUBJECT ADDED ENTRY--GEOGRAPHIC NAME | |
| Geographic name | Bristol |
| 651 4# - SUBJECT ADDED ENTRY--GEOGRAPHIC NAME | |
| Geographic name | Bath |
| 651 4# - SUBJECT ADDED ENTRY--GEOGRAPHIC NAME | |
| Geographic name | Swindon |
| 690 ## - LOCAL SUBJECT ADDED ENTRY--TOPICAL TERM (OCLC, RLIN) | |
| Topical term or geographic name as entry element | PROPERTY-COMMERCIAL PROPERTY-COMMERCIAL PROPERTY MARKET |
| 690 ## - LOCAL SUBJECT ADDED ENTRY--TOPICAL TERM (OCLC, RLIN) | |
| Topical term or geographic name as entry element | PROPERTY-COMMERCIAL PROPERTY-COMMERCIAL PROPERTY FINANCE AND INVESTMENT |
| 942 ## - ADDED ENTRY ELEMENTS (KOHA) | |
| Suppress in OPAC | 0 |
| Withdrawn status | Lost status | Source of classification or shelving scheme | Damaged status | Not for loan | Home library | Current library | Shelving location | Date acquired | Total Checkouts | Full call number | Barcode | Date last seen | Copy number | Price effective from | Koha item type |
|---|---|---|---|---|---|---|---|---|---|---|---|---|---|---|---|
| Dewey Decimal Classification | London | London | Journal article | 31/03/2011 | L152599 | 152599-1001 | 06/08/2019 | 1 | 06/08/2019 | Journal article |